| 000 | 00594nam a2200145Ia 4500 | ||
|---|---|---|---|
| 008 | 170221s9999 xx 000 0 und d | ||
| 100 | _aNicholas P. Marudas. | ||
| 245 | 3 | _aAn improved model of effects of accounting measures of inefficiency on donations | |
| 245 | _cNicholas P. Marudas, Auburn University Montgomery; TeWhan Hahn, Auburn University Montgomery; Fred A. Jacobs, Georgia State University, Emeritus. | ||
| 260 | _bJournal of Management and Marketing Research | ||
| 260 | _c2015 | ||
| 300 | _a14 : | ||
| 650 | _xBusiness | ||
| 856 | _uhttp://www.aabri.com/manuscripts/131626.pdf | ||
| 999 |
_c313128 _d313128 |
||